000 01728cam a22003614a 4500
001 55665444
003 OCoLC
005 20200216201315.0
008 040614t20052005caua b 000 0 eng
010 _a2004013832
020 _a0811841308
040 _aDLC
_beng
_cDLC
_dYDX
_dUKM
_dOCO
_dOCL
_dHDY
041 _aeng
042 _apcc
043 _an-mx---
050 0 0 _aNA8375
_b.L48 2005
082 0 0 _a728/.93/0972
_222
100 1 _aLevick, Melba.
_0http://id.loc.gov/authorities/names/n88118192.
245 1 0 _aIn a Mexican garden :
_bcourtyards, pools, and open-air living rooms /
_cphotographs by Melba Levick ; text by Gina Hyams.
264 1 _aSan Francisco :
_bChronicle Books,
_c[2005]
264 4 _c℗♭2005.
300 _a176 pages :
_bcolor illustrations ;
_c26 cm.
336 _atext
_btxt
_2rdacontent.
337 _aunmediated
_bn
_2rdamedia.
338 _avolume
_bnc
_2rdacarrier.
504 _aIncludes bibliographical references (page 171).
650 0 _aPatios
_0http://id.loc.gov/authorities/subjects/sh85098714
_zMexico
_0http://id.loc.gov/authorities/names/n81013960
_vPictorial works.
_0http://id.loc.gov/authorities/subjects/sh99001272.
650 0 _aOutdoor living spaces
_0http://id.loc.gov/authorities/subjects/sh99000753
_zMexico
_0http://id.loc.gov/authorities/names/n81013960
_vPictorial works.
_0http://id.loc.gov/authorities/subjects/sh99001272.
650 0 _aGardens
_zMexico
_0http://id.loc.gov/authorities/subjects/sh93005871
_vPictorial works.
_0http://id.loc.gov/authorities/subjects/sh99001272.
655 7 _aIllustrated works.
_2lcgft
_0http://id.loc.gov/authorities/genreForms/gf2014026111.
700 1 _aHyams, Gina.
_0http://id.loc.gov/authorities/names/n2001007870.
942 _cBK
_2ddc
999 _c23881
_d23881